Islam the Misunderstood Religion / (Record no. 14013)
[ view plain ]
| 000 -LEADER | |
|---|---|
| fixed length control field | 00537nam a2200217 a 4500 |
| 001 - CONTROL NUMBER | |
| JCCL Control Number | 14013 |
| 003 - CONTROL NUMBER IDENTIFIER | |
| JCCL marc code | BD-JhCC |
| 005 - DATE AND TIME OF LATEST TRANSACTION | |
| control field | 20240523131227.0 |
| 008 - FIXED-LENGTH DATA ELEMENTS--GENERAL INFORMATION | |
| fixed length control field | 240523b1978 b |||| ||a| 000 0 eng d |
| 035 ## - SYSTEM CONTROL NUMBER | |
| system control number | (BD-JhCC)14013 |
| 040 ## - CATALOGING SOURCE | |
| Original cataloging agency | BD-JhCC |
| Modifying agency | BD-JhCC |
| 041 ## - LANGUAGE CODE | |
| Language code of Book | eng |
| 082 ## - DEWEY DECIMAL CLASSIFICATION NUMBER | |
| Classification number | 297.012 |
| Author mark and Year | QUT 1978 |
| 100 ## - MAIN ENTRY--PERSONAL NAME | |
| Personal name | Qutb,Mohammad |
| 245 ## - TITLE STATEMENT | |
| Title | Islam the Misunderstood Religion / |
| Statement of responsibility, etc | Mohammad Qutb. |
| 260 ## - PUBLICATION, DISTRIBUTION, ETC. (IMPRINT) | |
| Place of publication, distribution, etc | Dhaka: |
| Name of publisher, distributor, etc | Adhunik prokashani; |
| Date of publication, distribution, etc | 1978. |
| 300 ## - PHYSICAL DESCRIPTION | |
| Pagination | 244 |
| Dimensions | 22 cm. |
| 651 ## - SUBJECT ADDED ENTRY--GEOGRAPHIC NAME | |
| Geographic name | Islam. |
| 942 ## - ADDED ENTRY ELEMENTS (KOHA) | |
| Source of classification or shelving scheme | Dewey Decimal Classification |
| Koha item type | Books |
| Source of classification or shelving scheme | Damaged status | Not for loan | Home library | Current library | Shelving location | Date of accession | Cost, normal purchase price | Total Checkouts | Full call number | Barcode | Date last seen | Copy number | Method of acquisition | Koha item type | Currency |
|---|---|---|---|---|---|---|---|---|---|---|---|---|---|---|---|
| Dewey Decimal Classification | JCC Rouf Library | JCC Rouf Library | General Stacks | 60.00 | 297.012 QUT 1978 | 19613 | 05/23/2024 | C-1 | Purchase | Books | BDT |